|
|
|
|
| LEADER |
01574nam a2200409Ia 4500 |
| 001 |
EBC3318166 |
| 003 |
MiAaPQ |
| 005 |
20200520144314.0 |
| 006 |
m o d | |
| 007 |
cr cn||||||||| |
| 008 |
990630s2000 mdu sb 001 0 eng d |
| 010 |
|
|
|z 99038574
|
| 020 |
|
|
|z 0801876958
|
| 020 |
|
|
|z 0801861357 (alk. paper)
|
| 035 |
|
|
|a (MiAaPQ)EBC3318166
|
| 035 |
|
|
|a (Au-PeEL)EBL3318166
|
| 035 |
|
|
|a (CaPaEBR)ebr10021640
|
| 035 |
|
|
|a (OCoLC)923191396
|
| 040 |
|
|
|a MiAaPQ
|c MiAaPQ
|d MiAaPQ
|
| 050 |
|
4 |
|a HF3685
|b .S74 2000
|
| 082 |
0 |
4 |
|a 382/.0946/07
|2 21
|
| 100 |
1 |
|
|a Stein, Stanley J.
|
| 245 |
1 |
0 |
|a Silver, trade, and war
|h [electronic resource] :
|b Spain and America in the making of early modern Europe /
|c Stanley J. Stein & Barbara H. Stein.
|
| 260 |
|
|
|a Baltimore :
|b Johns Hopkins University Press,
|c 2000.
|
| 300 |
|
|
|a ix, 351 p.
|
| 504 |
|
|
|a Includes bibliographical references (p. [325]-342) and index.
|
| 533 |
|
|
|a Electronic reproduction. Ann Arbor, MI : ProQuest, 2015. Available via World Wide Web. Access may be limited to ProQuest affiliated libraries.
|
| 650 |
|
0 |
|a Silver industry
|z America
|x History.
|
| 651 |
|
0 |
|a Spain
|x Colonies
|z America
|x History.
|
| 651 |
|
0 |
|a Spain
|x Commerce
|z America
|x History.
|
| 651 |
|
0 |
|a America
|x Commerce
|z Spain
|x History.
|
| 651 |
|
0 |
|a Spain
|x Commercial policy.
|
| 651 |
|
0 |
|a Spain
|x Economic conditions.
|
| 655 |
|
4 |
|a Electronic books.
|
| 700 |
1 |
|
|a Stein, Barbara H.
|
| 710 |
2 |
|
|a ProQuest (Firm)
|
| 856 |
4 |
0 |
|u https://ebookcentral.proquest.com/lib/matrademy/detail.action?docID=3318166
|z Click to View
|